The technical writer's handbook : (Record no. 48138)

000 -LEADER
fixed length control field 00978cam a2200265 a 4500
001 - CONTROL NUMBER
control field 1022810
003 - CONTROL NUMBER IDENTIFIER
control field Nust
005 - DATE AND TIME OF LATEST TRANSACTION
control field 20170110150631.0
008 - FIXED-LENGTH DATA ELEMENTS--GENERAL INFORMATION
fixed length control field 881123s1989 cau bf 000 0 eng
010 ## - LIBRARY OF CONGRESS CONTROL NUMBER
LC control number 88051695
020 ## - INTERNATIONAL STANDARD BOOK NUMBER
International Standard Book Number 978-0935702606
040 ## - CATALOGING SOURCE
Original cataloging agency DLC
Transcribing agency DLC
Modifying agency DLC
050 00 - LIBRARY OF CONGRESS CALL NUMBER
Classification number T11
Item number .Y68 1989
082 00 - DEWEY DECIMAL CLASSIFICATION NUMBER
Classification number 808.0666
Author Mark YOU
100 1# - MAIN ENTRY--PERSONAL NAME
Personal name Young, Matt,
Dates associated with a name 1941-
245 14 - TITLE STATEMENT
Title The technical writer's handbook :
Remainder of title writing with style and clarity /
Statement of responsibility, etc. Matt Young.
260 ## - PUBLICATION, DISTRIBUTION, ETC.
Place of publication, distribution, etc. Mill Valley, Calif. :
Name of publisher, distributor, etc. University Science Books,
Date of publication, distribution, etc. 1989.
300 ## - PHYSICAL DESCRIPTION
Extent xi, 232 p. ;
Dimensions 22 cm.
504 ## - BIBLIOGRAPHY, ETC. NOTE
Bibliography, etc. note Includes bibliographical references (p. 231-232).
650 #0 - SUBJECT ADDED ENTRY--TOPICAL TERM
Topical term or geographic name entry element Technical writing
General subdivision Handbooks, manuals, etc.
906 ## - LOCAL DATA ELEMENT F, LDF (RLIN)
a 7
b cbc
c orignew
d 2
e ocip
f 19
g y-gencatlg
942 ## - ADDED ENTRY ELEMENTS (KOHA)
Source of classification or shelving scheme
Koha item type Book
Holdings
Withdrawn status Lost status Source of classification or shelving scheme Damaged status Not for loan Permanent Location Current Location Shelving location Date acquired Total Checkouts Full call number Barcode Date last seen Date last checked out Copy number Price effective from Koha item type
          Central Library (CL) Central Library (CL) Book Cart 01/10/2017 1 808.06 YOU CL2264 12/23/2019 08/29/2019 1 01/10/2017 Book
© 2023 Central Library, National University of Sciences and Technology. All Rights Reserved.